2025: 9 States With the Worst Quality of Life - Statistics

General Stats
  • This quiz has been taken 30 times
  • The average score is 7 of 9
Answer Stats
Hint Answer % Correct
43 Alabama
96%
42 Arkansas
88%
45 Louisiana
80%
50 Tennessee
80%
44 Georgia
72%
41 Oklahoma
64%
49 Texas
64%
46 Utah
64%
48 Indiana
60%
No matching quizzes found
Score Distribution
Percent of People with Each Score
Percentile by Number Answered
Your Score History
You have not taken this quiz